Αξέχαστα από τον Πόντον : Κερασούντος και περιφέρειας (Ανατολικής Τζενικίας)

Αποθηκεύτηκε σε:
Λεπτομέρειες βιβλιογραφικής εγγραφής
Κύριος συγγραφέας: Παπαθεοδωρίδης, Θεόδωρος Μ.
Μορφή: Βιβλίο
Γλώσσα:Greek
Δημοσίευση: Αθήνα : Ελλάς, 1953
Θέματα:
Ετικέτες: Προσθήκη ετικέτας
Δεν υπάρχουν, Καταχωρήστε ετικέτα πρώτοι!

MARC

LEADER 00000cam a2200000 i 4500
001 1/98818
008 950320s1953 gre d
035 |l 10011071 
040 |a GR-MY-UA  |b gre  |e aacr 
041 0 |a gre 
082 0 |a 938.993 
100 1 |a Παπαθεοδωρίδης, Θεόδωρος Μ. 
245 1 0 |a Αξέχαστα από τον Πόντον :  |b Κερασούντος και περιφέρειας (Ανατολικής Τζενικίας) /  |c Θεοδώρου Μ. Παπαθεοδωρίδου 
260 |a Αθήνα :   |b Ελλάς,   |c 1953 
300 |a 102 σ. 
650 0 0 |a Greeks  |z Pontus  |x History. 
651 0 |a Pontus  |x Social life and customs. 
651 0 |a Pontus  |x History. 
852 |a INST  |b LESVOS  |e 19950320  |h 938.993 ΠΑΠ  |p 005100002220  |q 005100002220  |t BK  |y 0 
909 |a Λ  |b 038241 
970 |z 2000/05/ΟΙΚΟΝΟΜΟΠΟΥΛΟΥ ΧΡΙΣΤΙΝΑ